000 00418nam a2200169Ia 4500
001 3496
003 IN-NITTTR
005 20251114232948.0
008 251113s9999||||xx |||||||||||||| ||eng||
040 _beng
040 _cIN-NITTTR
041 _aeng
082 _a624.182 H413M
100 _aHer Majesty's Stationery Office.,
245 0 _aMilitary engineering /
_cHer Majesty's Stationery Office.
942 _2ddc
_cBK
999 _c5823
_d5823